[Event "Speed Chess Championship 2022 - Evento "]
[Site "Chess.com"]
[Date "2022.12.18"]
[Round "4"]
[White "Carlsen, Magnus"]
[Black "Nakamura, Hikaru"]
[Result "0-1"]
[WhiteElo "2859"]
[BlackElo "2768"]
[EventDate "2022.??.??"]
[Annotator "rafael"]
[PlyCount "72"]
[Beauty "7904622817288"]
[EventType "team-tourn"]
[TimeControl "300+1"]

1.d4 Nf6 2.c4 e6 3.Nf3 d5 4.g3 {The choice of the Catalan Opening shows how seriously Carlsen was taking this match. That was his main opening in the world championship duel against Nepomniachtchi.} 4...Be7 5.Bg2 O-O 6.O-O dxc4 7.Qc2 a6 ( 7...b5 {Nakamura is an expert in this variation, but he decided not to test Carlsen's preparation.} ) 8.a4 Bd7 9.Qxc4 Bc6 10.Bg5 {This is one of the most important positions in the Catalan.} ( 10.Bf4 {is also popular.} ) 10...a5 {A rare move in Nakamura's games. The two most popular alternatives, 10...Bd5 and 10...Nbd7, had already been tried by him.} ( 10...Bd5 ) ( 10...Nbd7 ) 11.Nc3 Nbd7 ( 11...Na6 {Previously the development of the knight on a6 was almost automatic here. I have an old game in this position that brings back good memories.} 12.Bxf6 Bxf6 13.e4 Nb4 14.Rfd1 b6 15.Rd2 Bb7 16.Rad1 c6 {Akesson-Leitao, Cappelle la Grande 2000.} ) 12.Rfd1 h6 13.Bxf6 Nxf6 14.Ne5 Bxg2 15.Kxg2 c6 16.e4 Bb4 ( 16...Qb6 {is quite natural.} 17.Qe2 Rfd8 18.Nc4 Qc7 19.e5 Nd5 20.Ne4 Nb6 {with chances for both sides in Yip-Mendonca, Gelfand Challenge (rapid) 2021.} ) 17.Qe2 Qb6 {The first new move.} ( 17...Qc7 {Nechaeva-Ovod, Ufa 2021.} ) 18.Rac1 ( 18.Rd3 {During the Portuguese broadcast, I suggested this natural move, preparing to double rooks, protecting the d4-pawn. The rook might also be useful on the third rank if White starts an attack with g3-g4. Needless to say, the computer is not impressed, indicating the usual 0.00 evaluation.} ) 18...Rad8 19.Nf3 Rd7 20.Qc2 ( 20.e5 {is a risky plan. After} 20...Nd5 21.Ne4 Ne7 $1 {[%c_effect e7;square;e7;type;GreatFind;persistent;true] Black is solid and ready to attach the d4-pawn with Nf5.} ) 20...Bxc3 $5 {[%c_effect c3;square;c3;type;Interesting;persistent;true] This is a very difficult move for me and I guess for most players. Doubling rooks on the d-file or playing a waiting move seems easier. Instead, Nakamura first parts with the bishop and then undermines White's center. It's usually very difficult to evaluate changes in the positional elements during the middlegame. Supposing this was not home preparation, it shows a deep chess understanding.} 21.bxc3 c5 $1 {[%c_effect c5;square;c5;type;GreatFind;persistent;true]} 22.Rb1 Qc7 23.Qe2 Rfd8 24.Rb5 cxd4 25.cxd4 b6 $1 {[%c_effect b6;square;b6;type;GreatFind;persistent;true] Black is in time to get counterplay by attacking White's e4-pawn.} 26.Rdb1 Qb7 27.d5 $1 {[%c_effect d5;square;d5;type;GreatFind;persistent;true]} ( 27.Rxb6 {Doesn't give any advantage.} 27...Qxe4 ) 27...exd5 28.Rxb6 Qa8 $6 {[%c_effect a8;square;a8;type;Inaccuracy;persistent;true] This is inaccurate due to a tactical idea that is simply impossible to stop during a blitz game.} ( 28...Qc7 $1 {[%c_effect c7;square;c7;type;GreatFind;persistent;true]} 29.e5 Ne4 {And chances are roughly equal.} ) 29.e5 Ne4 30.Ra6 $6 {[%c_effect a6;square;a6;type;Inaccuracy;persistent;true]} ( 30.Nd4 $3 {[%c_effect d4;square;d4;type;Brilliant;persistent;true] This wonderful move gives White the advantage. Of course, centralizing the knight is very natural and good, but what happens if Black plays 30...Nc3 $2 Let's see:} 30...Nc3 $6 {[%c_effect c3;square;c3;type;Inaccuracy;persistent;true]} 31.Qg4 $1 {[%c_effect g4;square;g4;type;GreatFind;persistent;true]} 31...Nxb1 32.Nf5 $1 {[%c_effect f5;square;f5;type;GreatFind;persistent;true] This is the point. Surprisingly Black cannot defend the combined attack of queen, rook, knight, and pawn.} 32...d4+ 33.Kh3 g6 34.Nxh6+ Kf8 ( 34...Kg7 35.Nf5+ Kf8 36.Qh4 gxf5 37.Rh6 $1 {[%c_effect h6;square;h6;type;GreatFind;persistent;true] Mate is unavoidable.} ) 35.Rf6 $3 {[%c_effect f6;square;f6;type;Brilliant;persistent;true] White brings the rook to the attack, threatening 36.Qxg6. A possible finish is:} 35...Ke8 36.Nxf7 $1 {[%c_effect f7;square;f7;type;GreatFind;persistent;true]} 36...Rxf7 37.Qe6+ Re7 38.Qg8+ Kd7 39.Rd6+ Kc7 40.Qc4+ Kb7 41.Qc6+ Ka7 42.Qb6# ) 30...Qc8 31.Rbb6 Nc5 $1 {[%c_effect c5;square;c5;type;GreatFind;persistent;true] A pawn sacrifice and a very good practical decision.} ( 31...Rc7 32.Nd4 Ng5 {This is the computer's suggestion and it also seems OK for Black.} ) 32.Rxa5 d4 {The pawn starts rolling and the position looks scary for White.} 33.Qc4 ( 33.Rd6 {is a good alternative.} 33...d3 ( 33...Rxd6 $6 {[%c_effect d6;square;d6;type;Inaccuracy;persistent;true]} 34.exd6 Rxd6 $6 {[%c_effect d6;square;d6;type;Inaccuracy;persistent;true]} 35.Qc4 ) 34.Qe3 Nb7 35.Rxd7 Rxd7 {with a complicated position, but Black has enough compensation for a draw.} ) 33...Rc7 34.Qb4 Nd3 $1 {[%c_effect d3;square;d3;type;GreatFind;persistent;true] Now Carlsen has just one way to escape.} 35.Qb5 $2 {[%c_effect b5;square;b5;type;Mistake;persistent;true] This move loses immediately.} ( 35.Qd2 $1 {[%c_effect d2;square;d2;type;GreatFind;persistent;true]} 35...Nxf2 $1 {[%c_effect f2;square;f2;type;GreatFind;persistent;true] The world champion certainly saw this move and didn't like his position. But the defensive resources are not exhausted.} 36.Qxf2 Rc2 37.Nd2 Qc3 38.Rd5 $3 {[%c_effect d5;square;d5;type;Brilliant;persistent;true] The only move.} 38...Rxd2 ( 38...Rxd5 $2 {[%c_effect d5;square;d5;type;Mistake;persistent;true]} 39.Rb8+ Kh7 $2 {[%c_effect h7;square;h7;type;Mistake;persistent;true]} 40.Qf5+ g6 41.Qxf7# ) 39.Rxd8+ Kh7 40.Rbd6 Rxf2+ 41.Kxf2 {And the game ends in a draw.} ) 35...Nf4+ $1 {[%c_effect f4;square;f4;type;GreatFind;persistent;true] Suddenly Nakamura has a mating attack.} 36.Kh1 ( 36.gxf4 Qg4+ 37.Kf1 Qxf3 38.Qb1 d3 {Threatening mate.} 39.Kg1 d2 {and the d-pawn decides the game.} ) 36...Qh3 {The quickest way to decide the game. Congratulations to both players for this incredible match, especially to Nakamura for achieving something that seemed impossible. It was an unforgettable Sunday.} 0-1

[Event "Speed Chess Championship Main Event 2022"]
[Site "Chess.com"]
[Date "2022.12.09"]
[Round "2"]
[White "Ding, Liren"]
[Black "Nihal, Sarin"]
[Result "0-1"]
[WhiteElo "2811"]
[BlackElo "2670"]
[EventDate "2022.??.??"]
[Annotator "Bojkov,Dejan"]
[PlyCount "74"]
[Beauty "7839393011794"]
[EventType "game"]

1.d4 d5 2.c4 e6 3.Nc3 h6 {Fedoseev's pet line, and a modern, tricky move order.} 4.Nf3 ( {Nihal already has experience in the line, as the following game suggests} 4.Bf4 Bd6 5.Bxd6 Qxd6 6.e3 Nf6 7.cxd5 exd5 8.Bd3 O-O 9.Qc2 Qe7 10.Nf3 b6 11.O-O c5 12.dxc5 bxc5 13.e4 d4 14.e5 dxc3 15.exf6 Qxf6 16.Qxc3 Qxc3 17.bxc3 Nd7 {1/2-1/2 (17) Van Foreest,L (2572)-Nihal,S (2646) Sharjah 2022} ) 4...Nf6 5.e3 Nbd7 6.b3 {Quite an aggressive way to develop his pieces. Especially taking into account the inevitable central clash.} 6...Be7 ( {Safer looks:} 6...dxc4 {which was recently played by another h6-QGD guru} 7.Bxc4 a6 8.a4 Bb4 9.Bb2 b6 10.O-O Bb7 11.Qe2 O-O 12.Rfd1 Qe7 {and soon a draw was agreed in Tomashevsky,E (2700)-Artemiev,V (2706) Cheboksary 2022} ) 7.Bb2 O-O 8.Bd3 b6 9.O-O Bb7 10.Qe2 {[#]} 10...c5 $146 {A logical novelty.} ( {Black did not manage to completely solve his opening problems in the predecessor after:} 10...Ne4 11.Rac1 f5 12.cxd5 exd5 13.Ba6 Bxa6 14.Qxa6 c6 15.Ne2 {Kuljasevic,D (2562) -Petrov,J (2403) Mali Losinj 2021} ) 11.cxd5 Nxd5 {Nihal certainly likes to avoid the isolated/hanging pawn(s) structure.} ( {As White is perfectly prepared to face it after} 11...exd5 12.Rfd1 Re8 13.Rac1 ) 12.Nxd5 Bxd5 13.Rfd1 {X-raying along the d-file. Pretty dangerous in a bullet game $1} 13...Rc8 ( {If} 13...Qc7 14.Rac1 {embarrassing hitting her majesty.} ) 14.Ba6 {Not a bad one.} ( {But even better would have been} 14.e4 $1 {[%c_effect e4;square;e4;type;GreatFind;persistent;true] in order to clear the d-file and win at least a pawn after} 14...Bb7 15.dxc5 {As} 15...Nxc5 {might lose even more after} ( {And} 15...bxc5 16.Bb5 Rc7 17.Ne5 {would lose more than a pawn for the second player.} ) 16.Bb5 $1 {[%c_effect b5;square;b5;type;GreatFind;persistent;true]} 16...Qc7 17.Be5 $1 {[%c_effect e5;square;e5;type;GreatFind;persistent;true] completely embarrassing Black's pride.} ) 14...Rc7 {Some support along the seventh rank.} 15.e4 Ba8 ( {Perhaps safer was the ugly} 15...Bb7 16.Bxb7 Rxb7 17.Rac1 Qa8 {with chances to repel the opponent's initiative.} ) 16.Bc4 ( {Missing another chance to win material with} 16.dxc5 $1 {[%c_effect c5;square;c5;type;GreatFind;persistent;true]} 16...Bxc5 17.Be5 {when Black has nothing better than} 17...Nxe5 18.Rxd8 Nxf3+ 19.gxf3 $5 {[%c_effect f3;square;f3;type;Interesting;persistent;true]} 19...Rxd8 {with chances for a fortress.} ) 16...Qc8 ( {More resilient is} 16...Bf6 {in order to meet} 17.dxc5 {with} ( {However, Ding might mount more pressure with} 17.Rd2 $1 {[%c_effect d2;square;d2;type;GreatFind;persistent;true]} ) 17...Bxb2 18.Qxb2 Bxe4 {which Black should hold.} ) 17.d5 $1 {[%c_effect d5;square;d5;type;GreatFind;persistent;true] Blocks the opponent's pieces, while opening his own. Ding is on fire $1} 17...exd5 18.exd5 Bd6 {Nihal's only slim chance is related to this blockade.} ( {This time} 18...Bf6 {loses at least the exchange after} 19.d6 Bxb2 20.Qxb2 Rc6 21.Bb5 ) 19.Re1 {Nimzovich has taught us to combine the kingside attack with the power-push of the central passer.} ( {The great hypermodernist would have chosen instead the immediate} 19.Nh4 $1 {[%c_effect h4;square;h4;type;GreatFind;persistent;true] with huge, probably decisive attack after} 19...Re8 20.Qh5 Be5 21.Bxe5 Rxe5 22.Nf5 {say} 22...g6 23.Qxh6 $1 {[%c_effect h6;square;h6;type;GreatFind;persistent;true]} 23...Rxf5 24.d6 {and both Black's rooks are hanging.} ) 19...Qd8 20.Qe4 Nf6 21.Qf5 Qd7 {Missing his chance.} ( {Black could have used the time to bring his pieces out with} 21...Bb7 $1 {[%c_effect b7;square;b7;type;GreatFind;persistent;true]} 22.Re2 Bc8 23.Qc2 Re7 ) 22.Qd3 {Ding misses a second chance.} ( 22.Nh4 $1 {[%c_effect h4;square;h4;type;GreatFind;persistent;true] would have still been close to won, even in the endgame after} 22...Qxf5 23.Nxf5 Rd7 {Not only can White win a pawn at once with} 24.Nxh6+ ( {It might be even more interesting for White to mount even more pressure with} 24.Rad1 $1 {[%c_effect d1;square;d1;type;GreatFind;persistent;true]} ) ) 22...Qd8 {Nothing better.} ( {As} 22...Bxd5 {would have opened the central files in White's favor after} 23.Bxf6 Bxc4 24.Qxc4 gxf6 25.Rad1 ) 23.Nh4 $1 {[%c_effect h4;square;h4;type;GreatFind;persistent;true] Third time's the charm and Ding quickly builds a winning attack.} 23...Bb7 24.Nf5 Rd7 25.Qf3 {There was a better square $1} ( 25.Qh3 $1 {[%c_effect h3;square;h3;type;GreatFind;persistent;true] would have created the crude threat of Nf5xh6+ $1 For instance} 25...Bxd5 {would allow the sacrifice} ( {And} 25...Bf4 {would not have stopped the assault due to} 26.Nxg7 $1 {[%c_effect g7;square;g7;type;GreatFind;persistent;true]} 26...Kxg7 27.Qg4+ Bg5 28.h4 ) 26.Nxh6+ gxh6 27.Qxh6 Bxc4 28.Bxf6 {with a win for White.} ) 25...Nxd5 $1 {[%c_effect d5;square;d5;type;GreatFind;persistent;true] The best practical chance $1 For a moment Black is still losing.} 26.Bxg7 {And the moment is gone $1} ( {This was Ding's last chance to wrap up the game with} 26.Nxh6+ $1 {[%c_effect h6;square;h6;type;GreatFind;persistent;true]} 26...gxh6 27.Qg4+ Qg5 28.Qxd7 {and Black's threats are not enough.} ) 26...Nf4 27.Qg4 {I think anyone would have played this in a heartbeat.} ( {But believe it, or not, White's best was} 27.Re4 $3 {[%c_effect e4;square;e4;type;Brilliant;persistent;true]} 27...Bxe4 28.Qxe4 Re8 29.Qf3 Qg5 30.g4 $1 {[%c_effect g4;square;g4;type;GreatFind;persistent;true] when anything was still possible.} ) 27...h5 $3 {[%c_effect h5;square;h5;type;Brilliant;persistent;true] The tables have turned $1 Ding has a ton of checks, and none of them work $1} 28.Nh6+ Kh7 29.Bd3+ {Last chance to keep the queen in a striking distance.} 29...Nxd3 30.Qxh5 Nf4 31.Qg4 f5 $1 {[%c_effect f5;square;f5;type;GreatFind;persistent;true] One can only admire Nihal's sense of danger $1} ( {It was not too late to blow the game away with} 31...Nxg2 32.Nf5 $1 {[%c_effect f5;square;f5;type;GreatFind;persistent;true]} 32...Nf4 33.Bxf8 Qxf8 34.Re8 $3 {[%c_effect e8;square;e8;type;Brilliant;persistent;true] and it is White who wins.} ) ( {Or to blow the advantage away with} 31...Bxg2 32.Bxf8 Qxf8 $1 {[%c_effect f8;square;f8;type;GreatFind;persistent;true]} 33.Qxd7 Kxh6 34.Rad1 {with a peculiar piece ratio and a total mess.} ) 32.Nxf5 Rxf5 33.Qxf5+ Kxg7 {Now that there is none to help the queen Black quickly consolidates his advantage and wins.} 34.Rad1 Rf7 35.Qg4+ Kf8 36.g3 Qf6 37.Re3 ( {Or} 37.gxf4 Rg7 ) 37...Nh3+ $1 {[%c_effect h3;square;h3;type;GreatFind;persistent;true]} ( 37...Nh3+ 38.Qxh3 Qxf2# ) 0-1